| 000 | 01555nam a2200361 c 4500 | ||
|---|---|---|---|
| 003 | BLK | ||
| 005 | 20221010092617.0 | ||
| 008 | 180408b bul|||||r ||||||| ||bul|| | ||
| 010 | _aKNG00058102000 | ||
| 020 |
_a954-9890-77-7 _bиздат.: КАМА |
||
| 040 | _aBLK | ||
| 041 |
_aBUL _cBUL |
||
| 080 |
_a _b940.2/.5 _x(075.8) _z940.2/.5(075.8) |
||
| 080 |
_aОбща световна история. История на света _b930.9 _x(075.8) _z930.9(075.8) |
||
| 700 | 1 |
_aТушар, Патрис _eпод ред. на _9131877 |
|
| 700 | 1 |
_aПроданова, Аделина _9372523 |
|
| 139 |
_aВек на крайности _bВ 37 |
||
| 245 | 1 | 0 |
_aВек на крайности _bИстория на съвременността от 1870 г. до наши дни _cпод ред. на Патрис Тушар; прев. от фр. Аделина Проданова. |
| 257 | _aFRA | ||
| 260 |
_аСофия _bКАМА _c2005 |
||
| 300 |
_a636 с. _c24 см |
||
| 380 | _a9 | ||
| 490 | 1 |
_aПоредица Университети _v5 |
|
| 500 | _aОриг. загл. Le siecle des exces. - Съдържа и Европа и светът / Андрей Пантев. - Азб. показалец. | ||
| 650 | 4 |
_aИстория, нова - учебници за ВУЗ _9253042 |
|
| 650 | 4 |
_aИстория, световна _9261939 |
|
| 653 | _aистория на света | ||
| 852 | _aЦб 226326 | ||
| 856 | 4 |
_qpdf _u |
|
| 856 | 4 |
_qpdf _u |
|
| 942 |
_cKNG _n0 |
||
| 944 |
_aCR _c03.02.2006 _kГеновева_Генчева |
||
| 944 |
_aED _c02.02.2007 _k |
||
| 999 |
_c54158 _d54158 |
||